ბათუმის შოთა რუსთაველის სახელმწიფო უნივერსიტეტის ბიბლიოთეკა

Разговоры о жизни : (ბიბ.ჩანაწერი № 61373)

000 -LEADER
fixed length control field 00888nam a22001937a 4500
005 - DATE AND TIME OF LATEST TRANSACTION
control field 20240328143410.0
008 - FIXED-LENGTH DATA ELEMENTS--GENERAL INFORMATION
fixed length control field 240226s2014 ru ||||| |||| 00| 0 rus d
020 ## - INTERNATIONAL STANDARD BOOK NUMBER
International Standard Book Number 9785883373298
041 ## - LANGUAGE CODE
Language code of text/sound track or separate title ru
080 ## - UNIVERSAL DECIMAL CLASSIFICATION NUMBER
Universal Decimal Classification number 811.161.1 Я-74
100 ## - MAIN ENTRY--PERSONAL NAME
Personal name Яркина, Л. П.
9 (RLIN) 21295
245 ## - TITLE STATEMENT
Title Разговоры о жизни :
Remainder of title Учебный комплекс по развитию речи для иностранцев, изучающих русский язык. Контрольные материалы /
Statement of responsibility, etc. Яркина Л. П., Пугачев И. А.
264 ## - PRODUCTION, PUBLICATION, DISTRIBUTION, MANUFACTURE, AND COPYRIGHT NOTICE
Place of production, publication, distribution, manufacture Москва,
Date of production, publication, distribution, manufacture, or copyright notice 2014.
300 ## - PHYSICAL DESCRIPTION
Extent 88 стр.
Other physical details 26 см.
653 ## - INDEX TERM--UNCONTROLLED
keyword საუბრები ცხოვრებაზე
653 ## - INDEX TERM--UNCONTROLLED
keyword რუსული ენა უცხო სტუდენტებისათვის
700 ## - ADDED ENTRY--PERSONAL NAME
Personal name Пугачев, И. А.
Relator term ავტორი
9 (RLIN) 21296
942 ## - ADDED ENTRY ELEMENTS (KOHA)
Source of classification or shelving scheme
Koha item type ქსეროასლი
ეგზემპლარები
Withdrawn status Lost status Source of classification or shelving scheme Damaged status Not for loan Permanent Location Current Location Shelving location Date acquired Cost, normal purchase price Full call number Barcode Date last seen Copy number Uniform Resource Identifier Price effective from Koha item type Public note
          ბათუმის შოთა რუსთაველის სახელმწიფო უნივერსიტეტის მთავარი ბიბლიოთეკა ბათუმის შოთა რუსთაველის სახელმწიფო უნივერსიტეტის მთავარი ბიბლიოთეკა წიგნსაცავი 2024-02-26 6.35 811.161.1 Я-74 00606 2024-02-26 00606 ნაჩუქარი 2024-02-26 ქსეროასლი 6 ლ. 35 თ.